Eco-Innovation as a Path to an Ecological Digital Economy diplomová práca

Guardado en:
Detalles Bibliográficos
Autor principal: Poláková, Monika
Autores Corporativos: Národohospodárska fakulta EU. Katedra financií, Nottingham Trent University. Nottingham Business School
Otros Autores: Červeňová, Magdaléna, 1962-
Formato: Libro
Lenguaje:inglés
Publicado: Bratislava 2024
Etiquetas: Agregar Etiqueta
Sin Etiquetas, Sea el primero en etiquetar este registro!

MARC

LEADER 00000nbm a2200000 4500
001 0300749
005 20250606095304.8
041 0 |a eng 
044 |a SK 
245 1 0 |a Eco-Innovation as a Path to an Ecological Digital Economy  |b diplomová práca  |c Monika Poláková ; školiteľ: Magdaléna Červeňová 
264 1 |a Bratislava  |c 2024 
300 |a 44 s. 
100 1 |a Poláková, Monika 
700 1 |a Červeňová, Magdaléna, 1962- 
710 2 |a Národohospodárska fakulta EU. Katedra financií 
710 2 |a Nottingham Trent University. Nottingham Business School